Исследование некоторых электрохимических систем при адсорбции компонентов реакции: автореферат диссертации на соискание ученой степени кандидата химических наук

Библиографические подробности
Главный автор: Джапаридзе Д. И.
Автор-организация: Академия наук СССР (АН СССР) Институт электрохимии им. А. Н. Фрумкина (ИЭЛ)
Другие авторы: Фрумкин А. Н. Александр Наумович (научный руководитель), Майрановский С. Г., Тедорадзе Г. А.
Примечания:Защита сост. 26.11.1963 г.
Язык:русский
Опубликовано: Москва, [Б. и.], 1963
Предметы:
Формат: MixedMaterials Книга
Запись в KOHA:https://koha.lib.tpu.ru/cgi-bin/koha/opac-detail.pl?biblionumber=335775

MARC

LEADER 00000nam0a2200000 4500
001 335775
005 20231102004804.0
035 |a (RuTPU)RU\TPU\book\362187 
090 |a 335775 
100 |a 20171003d1963 k y0rusy50 ca 
101 0 |a rus 
102 |a RU 
105 |a y dm 001zy 
200 1 |a Исследование некоторых электрохимических систем при адсорбции компонентов реакции  |e автореферат диссертации на соискание ученой степени кандидата химических наук  |f Д. И. Джапаридзе  |g Академия наук СССР (АН СССР), Институт электрохимии им. А. Н. Фрумкина (ИЭЛ) ; науч. рук. А. Н. Фрумкин, С. Г. Майрановский, Г. А. Тедорадзе 
210 |a Москва  |c [Б. и.]  |d 1963 
215 |a 10 с. 
300 |a Защита сост. 26.11.1963 г. 
320 |a Библиогр.: с. 10 ( 5 назв.) 
606 1 |a Адсорбция  |x (электрохимия)  |2 stltpush  |3 (RuTPU)RU\TPU\subj\76764  |9 87615 
610 1 |a электрохимические реакции 
610 1 |a электродные процессы 
610 1 |a кинетика 
610 1 |a органические вещества 
610 1 |a полярографические исследования 
610 1 |a водород 
610 1 |a авторефераты диссертаций 
610 1 |a библиотека А. Г. Стромберга 
675 |a 544.63(04)  |v 4 
700 1 |a Джапаридзе  |b Д. И. 
702 1 |a Фрумкин  |b А. Н.  |c российский химик  |c академик АН СССР (1932)  |f 1895-1976  |g Александр Наумович  |2 stltpush  |3 (RuTPU)RU\TPU\pers\15076  |4 727  |9 5165 
702 1 |a Майрановский  |b С. Г.  |4 727 
702 1 |a Тедорадзе  |b Г. А.  |4 727 
712 0 2 |a Академия наук СССР (АН СССР)  |b Институт электрохимии им. А. Н. Фрумкина (ИЭЛ)  |c (Москва)  |c (1957-1991)  |2 stltpush  |3 (RuTPU)RU\TPU\col\327 
801 1 |a RU  |b 63413507  |c 20171003 
801 2 |a RU  |b 63413507  |c 20171130  |g RCR 
942 |c BK